Online Catalogue and eLibrary

Citizenship and national identity : (Record no. 464)

MARC details
000 -LEADER
fixed length control field 00424nam a22001457a 4500
005 - DATE AND TIME OF LATEST TRANSACTION
control field 20240221074407.0
008 - FIXED-LENGTH DATA ELEMENTS--GENERAL INFORMATION
fixed length control field 240221b |||||||| |||| 00| 0 eng d
020 ## - INTERNATIONAL STANDARD BOOK NUMBER
ISBN 0803993587.
082 ## - DDC Classification
DDC Edition Number 22
Class No. 320.5409.
Item Number - Author Mark CIT.
245 ## - TITLE STATEMENT
Title Citizenship and national identity :
Remainder of title From Colonialism to Globalism /
260 ## - PUBLICATION, DISTRIBUTION, ETC.
Place of publication, distribution, etc. New Delhi :
Name of publisher, distributor, etc. Sage publications India Pvt Ltd /
Date of publication, distribution, etc. 1997.
300 ## - PHYSICAL DESCRIPTION
Extent (e.g. Volumes, Pages etc.) 323 p.,
650 ## - SUBJECT ADDED ENTRY--TOPICAL TERM
Topical term or geographic name entry element Nationalism .
942 ## - Koha item type (Biblio)
Koha item type Books in Stacks (Lending)
Holdings
Lost status Damaged status Collection code Home library Current library Date acquired Full call number Accession Number Item type
    Lending WERC Library WERC Library 02/21/2024 320.5409. CIT. 2454 Books in Stacks (Lending)

© WERC Library